Khảo sát tính hiệu quả của việc sử dụng các dụng cụ và đồ vật để dạy từ vựng thực hành cho sinh viên năm thứ nhất trường Đại học Quảng Bình /

Đã lưu trong:
書目詳細資料
主要作者: Lê Thị Hằng.
格式: Bài viết
語言:Vietnamese
主題:
標簽: 添加標簽
沒有標簽, 成為第一個標記此記錄!
Thư viện lưu trữ: Thư viện Trường Đại học Đà Lạt
LEADER 00922nam a2200277 4500
001 DLU210195588
005 ##20210111
040 # # |a DLU  |b vie 
041 # # |a vie 
044 # # |a vn 
100 # # |a Lê Thị Hằng. 
245 # # |a Khảo sát tính hiệu quả của việc sử dụng các dụng cụ và đồ vật để dạy từ vựng thực hành cho sinh viên năm thứ nhất trường Đại học Quảng Bình /  |c Lê Thị Hằng. 
653 # # |a Dạy học 
653 # # |a Dụng cụ 
653 # # |a Từ vựng 
653 # # |a Thực hành 
773 # # |t Tạp chí Ngôn ngữ và đời sống  |g Số 7, 2018, tr. 63-68 
920 # # |a Phòng Tạp chí -- Trung tâm Thông tin - Thư viện Trường Đại học Đà Lạt 
994 # # |a DLU 
900 # # |a True 
911 # # |a Trần Thị Minh Hương 
925 # # |a G 
926 # # |a A 
927 # # |a BB 
980 # # |a Thư viện Trường Đại học Đà Lạt